000 00715nam a2200277Ia 4500
001 7966
005 20240113234043.0
007 ta
008 050714s1985 a g b000 u eng u
020 _cHB
040 _aCotton College,Assam
041 _aeng
082 _a810
_bSh 71 Bl
100 _aShourie, Usha .
245 0 _aBlack American Literature /
_cUsha Shourie.
_hTextual Documents
250 _a1st ed. /
260 _aNew Delhi :
_bCosmo Publications ,
_c1985.
300 _a247p. :
_bill ;
_c22cm .
504 _aBib, Index
653 _aEnglish literature
653 _aAmerican Literature
653 _aPG-English
942 _2ddc
_cBK
999 _c7953
_d7953